LEADER 01149nam a2200181 i 4500 001 000000171016 003 CaOOAMICUS 005 20080415000000.0 008 080415s1438 it u000 u lat u 013 $a148435 040 $aSeMil$bita 245 10$aFabulae, Laurentio Valla interprete cum Aesopi Vita Maxim Planudis ; [seguono :] Laurentii Abstemii, Gabriae et variorum scriptorum fabulae. 300 $a7,5 x 10,5 ;$ccc.effettive 268 con illustrazioni ;$cgr. e rom. 500 $aManca il frontespizio con ogni nota tipografica ; la lettera dedicatoria di Lorenzo Valla porta la data 1438, 1 maggio (Kalendis maii). - Descrizione da : Incunaboli e Cinquecentine della Biblioteca del Seminario di Milano / catalogo a cura di Ubaldo Valentini, Milano 1981. - Numero di catalogo : 1700. 700 1 $aAesopus .$0(OLS)http://semarc/name/11301 850 $aSeMil 852 $aSeMil$W1$xVenegono$y1$mFV.E I 1$j121893$B121893$CSeMilBibl$Z2$F133143 $86 996 $6245$aFabulae, Laurentio Valla interprete cum Aesopi Vita Maxim Planudis ; [seguono :] Laurentii Abstemii, Gabriae et variorum scriptorum fabulae$9(OLS)http://semarc/title/244650 LEADER 00918nam a2200205 i 4500 001 000000043265 003 CaOOAMICUS 005 20120904000000.0 008 120904s1862 it u000 u ita u 013 $a14435 040 $aSeMil$bita 100 1 $aCurci, Carlo Maria,$c.$0(OLS)http://semarc/name/13118 245 13$aIl paganesimo antico e moderno :$botto discorsi /$cdetti dal p. Carlo M. Curci ... nell'Ottava dell'Epifania del 1862 in roma. 260 $aRoma :$bCoi tipi della Civiltà Cattolica,$c1862. 300 $aVIII, 187 p. ;$c19 cm. 650 4$aPaganesimo.$0(OLS)http://semarc/subject/2477 850 $aSeMil 852 $aSeMil$W1$xVenegono$y1$m2B II 34 FA$j9420$B9420$CSeMilBibl$Z2$F9420 $8I 996 $6245$aIl paganesimo antico e moderno :$botto discorsi$9(OLS)http://semarc/title/63501 996 $6260$aRoma :$bCoi tipi della Civiltà Cattolica$9(OLS)http://semarc/publisher/37742